00634nam a22001937a 450000500170000001000150001702000260003203500130005803700130007108200120008424500940009626000340019027000720022430000320029650000260032850000510035470000190040570000160042420141015110300.0 aENG-111001 a9789380607924c995.00 aEN-94533 bDBAD/PUB a954.123 aColonial and contemporary Bihar and Jharkhand /cedited by Lata Singh [and] Biswamoy Pati aNew DelhibPrimus Booksc2014 aVirat Bhavan, Mukherjee Nagar Commercial ComplexbNew Delhie110009 aviii,256p. :c25cm(Hb)bmap aContributed articles. aIncludes bibliographical references and index. aPati,Biswamoy  aSingh, Lata